000 00526nam a2200217Ia 4500
003 OSt
005 20221005131618.0
006 a|||||r|||| 00| 0
007 ta
008 221004b |||||||| |||| 00| 0 eng d
024 _a115646
037 _cTextual
040 _aCRL
_cCRL
_beng
041 _2eng
_aeng
100 _aTondon Santprasad
_9639882
245 0 _aStarch aur uska vavsye
260 _c1965
650 _aHINDI LITERATURE
_923866
942 _cTEXL
_2cc
999 _c1060905
_d1060905